Nghiên cứu cải tạo và mở rộng hệ thống cấp nước thị xã Tam Kỳ - tỉnh Quảng Nam
Tổng quan về hiện trạng điều kiện tự nhiên - dân sinh kinh tế của thị xã Tam Kỳ và định hướng phát triển kinh tế - xã hội của thị xã đến năm 2020; Hiện trạng hệ thống cấp nước thị xã Tam Kỳ và tổng hợp nhu cầu dùng nước đến năm 2020; Nghiên cứu phương án cải tạo, mở rộng hệ thống cấp nước thị xã Tam...
Wedi'i Gadw mewn:
| Prif Awdur: | |
|---|---|
| Awduron Eraill: | |
| Fformat: | Llyfr |
| Iaith: | Vietnamese |
| Cyhoeddwyd: |
Đà Nẵng :
Đại học Đà Nẵng,
2005.
|
| Pynciau: | |
| Tagiau: |
Ychwanegu Tag
Dim Tagiau, Byddwch y cyntaf i dagio'r cofnod hwn!
|
| Thư viện lưu trữ: | Mạng thư viện Đại học Đà Nẵng |
|---|
| LEADER | 02026cam a2200373 a 4500 | ||
|---|---|---|---|
| 001 | 000043996 | ||
| 003 | 2165 | ||
| 005 | 20060223095003.0 | ||
| 008 | 010217b2005 vm 000 vie | ||
| 040 | |a LRC |c LRC |d LRC | ||
| 041 | 0 | |a vie | |
| 082 | 1 | 4 | |a 628.14 |b NG-T |
| 100 | 1 | |a Nguyễn Quang Tuấn. | |
| 245 | 1 | 0 | |a Nghiên cứu cải tạo và mở rộng hệ thống cấp nước thị xã Tam Kỳ - tỉnh Quảng Nam |h [Thesis - Luận văn] / |c Nguyễn Quang Tuấn thực hiện; Trần Cát hướng dẫn. |
| 260 | |a Đà Nẵng : |b Đại học Đà Nẵng, |c 2005. | ||
| 300 | |a 09, 108, 16 tr. : |b mh. ; |c 29 cm + |e 01 tóm tắt. | ||
| 520 | 3 | |a Tổng quan về hiện trạng điều kiện tự nhiên - dân sinh kinh tế của thị xã Tam Kỳ và định hướng phát triển kinh tế - xã hội của thị xã đến năm 2020; Hiện trạng hệ thống cấp nước thị xã Tam Kỳ và tổng hợp nhu cầu dùng nước đến năm 2020; Nghiên cứu phương án cải tạo, mở rộng hệ thống cấp nước thị xã Tam Kỳ; Nghiên cứu ứng dụng chương trình Epanet để tính toán mạng lưới cấp nước của khu vực đô thị đông Tam Kỳ - tỉnh Quảng Nam; Phân tích một số chỉ tiêu kinh tế của hệ thống. | |
| 630 | 0 | 4 | |a Cấp nước. |
| 650 | 0 | 4 | |a Cấp nước |x Hệ thống |z Tam Kỳ. |
| 650 | 0 | 4 | |a EPANET. |
| 700 | 1 | |a Trần Cát, |c PGS.TS., |e hướng dẫn. | |
| OWN | |a DUT | ||
| AVA | |a UDN50 |b DUT |c Internal Resources |d 628.14 NG-T |e available |t Error 5001 Not defined in file expand_doc_bib_avail. |f 1 |g 0 |h N |i 0 |j NS |k 1 | ||
| 999 | |a From the UDN01 | ||
| AVA | |a UDN50 |b DUT |c Internal Resources |d 628.14 NG-T |e available |t Error 5001 Not defined in file expand_doc_bib_avail. |f 1 |g 0 |h N |i 0 |j NS |k 1 | ||
| TYP | |a Mixed Materials | ||
| TYP | |a Monograph | ||
| TYP | |a Printed language | ||
| 980 | |a Mạng thư viện Đại học Đà Nẵng | ||